| 000 | 00891nam0a22002411 4500 | ||
|---|---|---|---|
| 001 | rc\2780598 | ||
| 005 | 20250806210049.0 | ||
| 035 | _a(NLR Aleph) 006906834 | ||
| 090 |
_a16318 _c16318 |
||
| 100 | _a20110915d1942 u y0rusy50 ca | ||
| 101 | 0 | _arus | |
| 102 | _aRU | ||
| 105 | _ay z ||||| | ||
| 200 | 1 |
_aВременная инструкция по тушению зажигательных авиабомб и пожаров от них в населенных пунктах _fГлав. упр. местной противовоздушной обороны НКВД СССР |
|
| 210 |
_aУфа _cБашгосиздат _d1942 |
||
| 215 |
_a14, [1] с. _d20 см. |
||
| 801 | 0 |
_aRU _bNLR _gpsbo |
|
| 801 | 1 |
_aRU _bELAR _2rusmarc |
|
| 852 |
_aNLR _jВ60 Г-4/119 |
||
| 942 | _cBOOK | ||
| 945 | _aРоссийская национальная библиотека | ||
| 980 | _aNB | ||
| 980 | _aBV | ||